[Event "17th Aeroflot Open-A 2019"]
[Site "Moscow"]
[Date "2019.02.24"]
[Round "6.27"]
[White "Alekseenko, Kirill"]
[Black "Puranik, Abhimanyu"]
[Result "0-1"]
[WhiteElo "2634"]
[BlackElo "2538"]
[Annotator "TA"]
[PlyCount "68"]
[EventDate "2019.02.19"]
[EventCountry "RUS"]
[SourceTitle "playchess.com"]
[Source "ChessBase"]
[SourceQuality "1"]

{[%evp 11,68,25,18,0,0,0,2,-61,-61,-57,-61,-143,-143,-145,-145,-140,-152,-161,-164,-160,-161,-175,-156,-165,-160,-177,-173,-178,-180,-184,-191,-181,-177,-186,-173,-227,-204,-279,-281,-261,-261,-254,-259,-307,-311,-345,-333,-338,-325,-351,-350,-359,-316,-327,-333,-464,-451,-375,-383]} 1. e4 e5 2. Nf3 Nc6 3. Bb5 a6 4. Ba4 Nf6 5. O-O Bc5 6. Bxc6 dxc6 7. Nxe5 {C78: Ruy Lopez: Archangelsk and Möller Defences} (7. d3 Qe7 8. Nbd2 Bg4 9. Nc4 Nd7 10. h3 Bh5 11. Be3 f6 12. Qe2 g5 13. Bxc5 Nxc5 14. Ne3 Ne6 {½-½ (31) Almasi,Z (2702)-Fressinet,L (2649) Batumi 2018}) 7... Nxe4 8. Qe2 Qd5 $1 9. d4 (9. Nd3 $11 O-O 10. Nxc5 Nxc5 11. d3) 9... Bxd4 $15 10. Nf3 {Hoping for c4.} Be6 $1 11. c4 ({Better is} 11. Nxd4 $15 Qxd4 12. Rd1) 11... Qxc4 $17 12. Qxc4 {[#]} Bxf2+ $146 ({Resist} 12... Bxc4 13. Nxd4 O-O-O 14. Be3 $17 (14. Rd1 Be2 $17 {[%mdl 64] Pin})) ({Predecessor:} 12... Bxc4 13. Nxd4 Bxf1 14. Kxf1 O-O-O 15. Be3 c5 16. Nf3 Rd1+ 17. Ne1 Rhd8 {½-½ (17) Martorelli,A-Albano,M (2240) Barcellona PG 1981}) 13. Rxf2 Bxc4 14. b3 Nxf2 15. Kxf2 Bd5 16. Nbd2 O-O-O 17. Bb2 f6 18. Rc1 b6 19. h4 h5 20. Bc3 c5 21. Nf1 a5 22. Ne3 Rhe8 23. Nd2 (23. Nf5 $142) 23... Be6 24. Ndc4 {[#]} a4 $1 25. bxa4 Bxc4 26. Nxc4 Re4 27. Nb2 Rxh4 28. Re1 Rf4+ 29. Kg1 Rg4 30. Kh2 Kb7 31. Re7 Kc6 32. Be1 Rd7 33. Re6+ Kd5 34. Re2 Re4 {Accuracy: White = 20%, Black = 96%.} 0-1

[Event "17th Aeroflot Open-A 2019"]
[Site "Moscow"]
[Date "2019.02.24"]
[Round "6.28"]
[White "Santos Ruiz, Miguel"]
[Black "Indjic, Aleksandar"]
[Result "1/2-1/2"]
[WhiteElo "2554"]
[BlackElo "2630"]
[Annotator "TA"]
[PlyCount "53"]
[EventDate "2019.02.19"]
[EventCountry "RUS"]
[SourceTitle "playchess.com"]
[Source "ChessBase"]
[SourceQuality "1"]

{[%evp 16,53,47,37,58,43,54,49,60,42,52,46,47,27,37,27,66,44,31,0,15,8,20,0,0,0,0,0,0,0,50,0,32,37,41,43,45,23,77,68]} 1. d4 Nf6 2. c4 e6 3. Nc3 c5 4. d5 exd5 5. cxd5 d6 6. e4 g6 7. f4 Bg7 8. Bb5+ Nfd7 9. Be2 Nb6 $146 {A67: Modern Benoni: Taimanov Variation} ({Predecessor:} 9... O-O 10. Nf3 Na6 11. O-O Nc7 12. a4 a6 13. Kh1 Rb8 14. f5 b5 15. Bg5 Qe8 16. e5 Nxe5 17. f6 Bh8 18. Qd2 Ng4 19. axb5 axb5 20. Bd3 Nxf6 {0-1 (44) Ivanisevic,I (2662)-Donchenko,A (2567) Biel 2015}) 10. Nf3 Bg4 11. O-O Bxf3 {White is slightly better.} 12. Bxf3 (12. Rxf3 {is interesting.} O-O 13. f5 Re8 14. Qc2 N8d7 15. Bd2) 12... O-O 13. Qc2 Na6 14. a3 Bd4+ 15. Kh1 Nc7 16. b3 f5 {Black wants to play ...fxe4.} 17. Bb2 Qf6 18. Rad1 Rac8 19. e5 dxe5 20. fxe5 Qxe5 21. d6 $36 {[%mdl 2048] White has good play.} Qxd6 22. b4 Ne6 (22... Rf7 {is more complex.} 23. Bxb7 Rb8 24. Bf3 Qf8 25. Bc1 Bf6) 23. Bxb7 {[#] Nb5 is the strong threat.} cxb4 24. Bxc8 Rxc8 25. axb4 Qxb4 {[%cal Rd4c3]} 26. Qe2 Qc4 (26... Re8 $11 {remains equal.} 27. Rd3 Nc7) 27. Rfe1 {Accuracy: White = 59%, Black = 39%.} 1/2-1/2

[Event "17th Aeroflot Open-A 2019"]
[Site "Moscow"]
[Date "2019.02.24"]
[Round "6.29"]
[White "Praggnanandhaa R"]
[Black "Kobalia, Mikhail"]
[Result "1/2-1/2"]
[WhiteElo "2532"]
[BlackElo "2627"]
[Annotator "TA"]
[PlyCount "43"]
[EventDate "2019.02.19"]
[EventCountry "RUS"]
[SourceTitle "playchess.com"]
[Source "ChessBase"]
[SourceQuality "1"]

{[%evp 17,43,29,34,35,45,26,32,14,33,17,36,17,15,22,22,17,29,8,28,19,11,12,44,0,31,0,60,0]} 1. e4 e5 2. Nf3 Nc6 3. Bb5 g6 4. c3 a6 5. Ba4 d6 6. d4 Bd7 7. O-O Bg7 8. Re1 Nge7 9. h3 O-O 10. Bc2 {C76: Ruy Lopez: Deferred Steinitz: 5 c3 Bd7 6 d4 g6} (10. Bg5 h6 11. Bxe7 Qxe7 12. d5 Nb8 13. Bxd7 Nxd7 14. c4 f5 15. Nc3 f4 16. b4 g5 17. Nh2 Nf6 {1-0 (58) Janik,I (2413)-Saraci,N (2398) Katowice 2017}) 10... Qe8 $146 ({Predecessor:} 10... Be8 11. dxe5 dxe5 12. Bd2 Bd7 13. Qe2 Be6 14. Rd1 Qc8 15. Kh2 Qb8 16. Ng5 f6 17. Nxe6 Re8 18. Nxg7 Kxg7 {1-0 (37) Perez Ramirez,P (1800)-Marcelo,D (1706) Barcelona 2014}) 11. dxe5 dxe5 12. Be3 Kh8 13. Bc5 f5 14. Nbd2 f4 15. Bb3 Bf6 16. Bd5 Rd8 17. Qc2 b6 18. Ba3 Na5 19. Nb3 Nac6 20. Nbd2 Na5 21. Nb3 Nac6 22. Nbd2 {Accuracy: White = 36%, Black = 71%.} (22. Nc1 $14) 1/2-1/2

[Event "17th Aeroflot Open-A 2019"]
[Site "Moscow"]
[Date "2019.02.24"]
[Round "6.30"]
[White "Van Foreest, Jorden"]
[Black "Suleymenov, Alisher"]
[Result "1-0"]
[WhiteElo "2618"]
[BlackElo "2428"]
[Annotator "TA"]
[PlyCount "75"]
[EventDate "2019.02.19"]
[EventCountry "RUS"]
[SourceTitle "playchess.com"]
[Source "ChessBase"]
[SourceQuality "1"]

{[%evp 22,75,23,26,36,38,29,27,84,85,97,86,84,80,89,76,94,83,81,70,71,62,85,62,171,75,108,120,220,206,206,220,263,271,282,263,292,201,357,387,481,461,711,705,1012,935,2327,1737,2706,2404,29995,29996,29996,29997,29997,29998]} 1. e4 e6 2. d4 d5 3. Nc3 Bb4 4. e5 Ne7 5. a3 Bxc3+ 6. bxc3 c5 7. Qg4 O-O 8. Bd3 f5 9. exf6 Rxf6 10. Bg5 Rf7 11. Qh5 g6 12. Qd1 Qa5 {C18: French: 3 Nc3 Bb4: Main line: 7 h4 and 7 Qg4} 13. Nf3 (13. Bd2 e5 14. h4 e4 15. Be2 e3 16. Bxe3 Qxc3+ 17. Bd2 Qxd4 18. Nf3 Qf6 19. Bg5 Qc3+ 20. Bd2 Qf6 21. Bg5 Qc3+ 22. Bd2 Qf6 {½-½ (22) Aronian,L (2765)-Riazantsev,A (2649) St Petersburg 2018}) 13... c4 14. Be2 Qxc3+ (14... Nf5 $11 {keeps the balance.}) 15. Bd2 $16 Qb2 16. Bb4 $1 Nbc6 17. Rb1 $36 {[%mdl 2048] White has strong initiative.} Qa2 18. Bc5 b6 19. Bxe7 Rxe7 20. Qc1 $1 {Threatens to win with Ra1.} c3 $1 21. Bb5 $146 {[%mdl 1024] White has strong compensation.} Bd7 $1 22. O-O Na5 {[#]} ({Black should play} 22... e5 $1 $14) 23. Bd3 (23. Bxd7 $1 $18 {is the precise move to win.} Rxd7 24. Ra1) 23... Nc4 {[#]} 24. Rb3 $1 Ba4 (24... Rf8 $16 {might work better.}) 25. Bxc4 $1 $18 {Strongly threatening Rb4.} dxc4 26. Rxc3 Bc6 27. Ne5 Bd5 28. h4 Rg7 29. h5 Rf8 $2 (29... gxh5 {keeps fighting.} 30. Rg3 Rf8) 30. hxg6 hxg6 {If Black can now play ...g5 this consolidates a bit.} 31. Re1 b5 (31... g5 $142 32. Rg3 Rf5) 32. Rg3 Rf6 33. Ng4 Rf8 34. Nh6+ Kh8 35. Rh3 {White wants to mate with Nf7+.} Rh7 36. Qg5 {White mates.} Rg7 37. Nf5+ {[%mdl 64] Discovered Attack} Kg8 {[#]} 38. Rh8+ $1 {[%mdl 576] Decoy, Back Rank. Accuracy: White = 85%, Black = 31%.} 1-0

[Event "17th Aeroflot Open-A 2019"]
[Site "Moscow"]
[Date "2019.02.24"]
[Round "6.31"]
[White "Murzin, Volodar"]
[Black "Jumabayev, Rinat"]
[Result "0-1"]
[WhiteElo "2337"]
[BlackElo "2604"]
[Annotator "TA"]
[PlyCount "120"]
[EventDate "2019.02.19"]
[EventCountry "RUS"]
[SourceTitle "playchess.com"]
[Source "ChessBase"]
[SourceQuality "1"]

{[%evp 15,120,14,20,14,42,11,10,0,10,8,15,0,14,0,0,3,19,19,37,0,22,-9,0,0,0,0,0,0,2,5,12,0,9,12,27,6,53,0,0,-13,0,-11,0,-8,-5,-27,-37,-28,-22,-27,-17,-30,0,0,0,-4,0,-12,0,-6,-6,-14,0,0,0,-9,-13,-8,0,-20,-21,-94,-107,-87,-71,-83,-57,-83,-72,-93,-110,-92,-84,-59,-56,-195,-175,-242,-242,-409,-412,-505,-500,-679,-477,-1019,-985,-910,-561,-768,-764,-739,-739,-739,-739,-739,-682]} 1. e4 c5 2. Nf3 d6 3. Bb5+ Nd7 4. O-O a6 5. Bd3 Ngf6 6. c3 b5 7. Bc2 Bb7 8. Qe2 e6 9. d4 {B51: Sicilian: Moscow Variation (3 Bb5+) without 3...Bd7} Rc8 10. Bd3 Be7 11. Nbd2 {The position is equal.} Qc7 12. Re1 O-O 13. Nf1 {[#]} a5 $146 ({Predecessor:} 13... cxd4 14. cxd4 e5 15. d5 Nh5 16. Ng3 Nf4 17. Bxf4 exf4 {1-0 (45) Quesada Perez,Y (2612)-Xiong,J (2675) Saint Louis 2018}) 14. Ng3 b4 15. Bd2 Rfd8 16. Rac1 Qb8 17. h3 Bf8 18. Nh2 Qa7 19. Be3 Qa8 {[%cal Rf6e4]} 20. f3 cxd4 21. cxd4 Rxc1 22. Rxc1 Rc8 23. Rd1 Be7 24. Ng4 Bd8 25. Nxf6+ Nxf6 26. Nf1 (26. d5 $14) 26... Bb6 27. g4 Qa7 28. Bb5 Rc7 29. Qh2 Bc6 30. Bxc6 Rxc6 31. Qe2 Qc7 32. Bf2 Rc4 33. Rd2 Qc6 34. Ne3 Rc1+ $1 ({Don't play} 34... Rxd4 $6 35. Rc2 $16) 35. Kg2 d5 36. e5 Ne8 37. Rc2 $132 {[%mdl 2048] White puts up resistance} Rxc2 38. Qxc2 Qd7 39. Nf1 Nc7 40. a4 bxa3 41. bxa3 a4 42. Ng3 Qb5 43. Nh5 {[#]} (43. Nf1 $1 $11) 43... h6 $1 $17 44. g5 hxg5 45. Qc1 Qd3 46. Qc6 Qb3 47. Qd6 Qb5 48. Qd8+ Ne8 49. Qxg5 Kf8 50. Qd2 (50. Nf4 $15) 50... Qc4 51. Ng3 (51. Qb2 $142 Bd8 52. Be3) 51... Bd8 $19 52. Nh5 $2 {[#]} (52. Ne2 {was worth a try.}) 52... Be7 53. Qa5 Bxa3 {Black is clearly winning.} 54. Qa8 Qb5 55. Qc8 (55. f4 $142 Bc1 56. f5 exf5 57. Ng3) 55... Be7 56. Qc2 Kg8 57. Ng3 a3 {[%cal Ba4a3,Ba3b2][%mdl 32]} 58. Ne2 Qb2 59. Qxb2 axb2 60. Nc3 Bb4 {Accuracy: White = 36%, Black = 44%.} 0-1

[Event "17th Aeroflot Open-A 2019"]
[Site "Moscow"]
[Date "2019.02.24"]
[Round "6.32"]
[White "Iturrizaga Bonelli, Eduardo"]
[Black "Liu, Yan"]
[Result "1-0"]
[WhiteElo "2640"]
[BlackElo "2498"]
[Annotator "TA"]
[PlyCount "131"]
[EventDate "2019.02.19"]
[EventCountry "RUS"]
[SourceTitle "playchess.com"]
[Source "ChessBase"]
[SourceQuality "1"]

{[%evp 10,131,15,11,70,76,70,70,66,92,114,72,72,69,63,26,37,32,32,36,59,58,56,59,63,56,66,60,61,27,22,28,49,0,0,0,0,0,0,-17,29,31,39,30,33,31,39,22,29,36,77,80,212,206,197,105,110,101,104,16,22,8,8,0,0,0,0,0,0,0,0,0,0,0,0,8,582,495,573,570,561,560,521,531,485,480,715,604,532,551,415,406,387,339,292,258,256,1469,1466,1407,1387,1170,1372,1184,1347,1308,1743,1369,1214,1195,5175,4910,5175,4664,5057,4904,3629,3817,2014,1794,1566,1487,1333,1333]} 1. c4 Nf6 2. g3 e5 3. Bg2 Nc6 4. Nf3 Bc5 5. O-O d6 6. e3 {LiveBook: 17 Games. A20: English Opening: 1...e5} a6 (6... O-O $11) (6... O-O 7. d4 Bb6 8. h3 exd4 9. exd4 h6 10. Nc3 a6 11. a3 Ne7 12. Re1 c6 13. d5 cxd5 14. cxd5 {0-1 (44) Robson,R (2676)-Quesada Perez,Y (2612) Saint Louis 2018}) 7. d4 $14 Ba7 $146 ({Predecessor:} 7... exd4 8. exd4 Ba7 9. Re1+ Ne7 10. Bg5 O-O 11. Nc3 Be6 12. Bxf6 gxf6 {1-0 (55) Zwardon,V (2452)-Strzelecki,M (1967) Wroclaw 2018}) 8. dxe5 {White is slightly better.} Nxe5 9. Nxe5 dxe5 10. Qxd8+ Kxd8 11. b3 c6 12. Rd1+ Kc7 13. Ba3 {Bd6+ is the strong threat.} Bg4 14. Bd6+ Kc8 15. Rd2 Bb8 16. c5 Bxd6 17. cxd6 Kb8 18. Nc3 Ka7 19. b4 Rad8 20. a4 Nd5 21. Na2 Be6 22. b5 $1 f5 23. bxc6 bxc6 24. Bxd5 Bxd5 25. Nb4 a5 26. Nxd5 Rxd6 27. Rc2 cxd5 {[%mdl 4096] Endgame KRR-KRR} 28. Rc5 Ka6 29. Rb1 f4 30. Rbb5 f3 (30... fxe3 $16 31. fxe3 (31. Rxa5+ Kb6 $16) 31... Rhd8) 31. Rxa5+ $18 Kb6 32. Rcb5+ ({Don't play} 32. Rxd5 $6 Ra8 $16) (32. Rab5+ $18 Ka6 33. h3 (33. Rxd5 Rxd5 34. Rxd5 Rb8 $16)) 32... Kc6 $16 33. h4 Rhd8 34. Kf1 ({White should try} 34. Rc5+ $16 Kb7 35. Rcb5+ Kc7 36. Rc5+ Kb8 37. Rab5+ Ka8 38. Kf1) 34... e4 $1 $11 35. Rc5+ Kb7 36. Rab5+ Rb6 37. Ke1 Rxb5 38. Rxb5+ {KR-KR} Kc6 39. Kd2 Ra8 40. Rb4 h5 41. Kc3 Ra5 42. Kd4 {White wants to play Ke5.} Rc5 $2 {[%mdl 8192] [#]} (42... Ra7 $11 {and Black has nothing to worry.}) 43. Rb8 $1 $18 {[%cal Rb8c8] Threatening mate with Rc8+.} Rc4+ 44. Ke5 Rxa4 45. Rd8 Ra2 {White must now prevent ...Rd2.} 46. Rd6+ Kc7 47. Rxd5 Rxf2 (47... Ra4 $142 48. Kf4 Ra2 49. Kxe4 Rxf2 50. Rxh5 Rb2 51. Kxf3 Kd6) 48. Kxe4 g6 49. Rg5 Ra2 50. Kxf3 Ra6 {[#]} 51. Rd5 $1 Rf6+ 52. Ke2 Ra6 53. e4 {[%cal Be3e4,Be4e5][%mdl 32]} Ra3 {White is clearly winning.} 54. Rd3 Ra1 55. Ke3 Rf1 56. e5 Rf5 57. Ke4 Rf1 58. Rf3 Re1+ 59. Kd5 Kd7 60. Rf7+ Ke8 61. Rg7 Kf8 62. Rxg6 Kf7 63. Rg5 Re3 64. Kd4 Ra3 65. Ke4 Ke6 66. Kf4 {Precision: White = 73%, Black = 51%.} 1-0

[Event "17th Aeroflot Open-A 2019"]
[Site "Moscow"]
[Date "2019.02.24"]
[Round "6.33"]
[White "Lobanov, Sergei"]
[Black "Safarli, Eltaj"]
[Result "1/2-1/2"]
[WhiteElo "2526"]
[BlackElo "2681"]
[Annotator "TA"]
[PlyCount "103"]
[EventDate "2019.02.19"]
[EventCountry "RUS"]
[SourceTitle "playchess.com"]
[Source "ChessBase"]
[SourceQuality "1"]

{[%evp 12,103,47,36,44,24,45,8,43,47,51,0,25,15,31,5,42,0,2,-22,-3,-48,-50,-49,-49,-44,-43,-41,-39,-44,-33,-45,-53,-55,-43,-81,-64,-79,-56,-117,-117,-127,-127,-116,-92,-150,-116,-116,-91,-91,-91,-66,-23,-80,-47,-100,0,-6,0,0,0,-74,-64,-117,0,0,0,0,0,0,0,0,377,376,422,404,631,633,566,495,431,0,429,321,319,294,297,231,280,0,261,275,237,0]} 1. e4 c5 2. Nf3 Nc6 3. d4 cxd4 4. Nxd4 Qb6 5. Nb3 Nf6 6. Nc3 e6 7. Qe2 (7. a3 {keeps more tension.} Qc7 8. Be3 a6 9. f4 d5 10. exd5 exd5 11. Nxd5 Nxd5 12. Qxd5 Be7 13. O-O-O) 7... Qc7 {B33: Sicilian: Pelikan and Sveshnikov Variations} 8. Bd2 a6 9. f4 d6 {The position is equal.} 10. g4 b5 11. a3 $146 (11. g5 $14 Nd7 12. a3) ({Predecessor:} 11. g5 Nd7 12. Be3 Bb7 13. Bg2 g6 14. O-O h6 15. gxh6 Bxh6 {½-½ (30) Harika,D (2511)-Fressinet,L (2700) Caleta 2016}) 11... Nd7 12. h4 Nc5 13. Be3 Be7 14. Nxc5 dxc5 15. e5 Nd4 16. Qf2 (16. Bxd4 $5 cxd4 17. Ne4 $11) 16... Bb7 17. Bg2 h5 $1 $36 {[%cal Rh5g4][%mdl 2048] Black is more active.} 18. g5 Nf5 19. Ne4 Rd8 20. O-O {[%cal Re3c5]} O-O 21. Kh2 Rd7 22. Rae1 Rfd8 23. Rg1 g6 24. Re2 {[%cal Re3c5]} Rc8 25. Nf6+ (25. Rb1 $15) 25... Bxf6 $1 $17 26. gxf6 Bxg2 27. Qxg2 c4 (27... Nxh4 28. Qh3 $16) 28. Kh3 (28. Qf3 $142) 28... Kf8 29. Qf3 Qc6 (29... Rcd8 {is more complex.} 30. Qf2 Rd1 31. Bb6 Qc6 32. Rge1 R8d5) 30. Qxc6 Rxc6 31. Bf2 Ke8 32. Kg2 (32. c3 $11) 32... Rc8 33. Kf3 ({White should play} 33. c3 $15) 33... Rcd8 ({Better is} 33... a5 $17) 34. a4 $1 $11 Rd1 {Hoping for ...Nxh4+!} 35. Ree1 R1d2 36. Re2 (36. axb5 $1 $11 {remains equal.} Rxc2 37. bxa6 Rd3+ 38. Re3 Nxe3 39. Bxe3) 36... b4 $1 $17 ({Reject} 36... bxa4 37. Ra1 $11) 37. Rc1 (37. a5 $15) 37... R8d5 (37... a5 $1 $17) 38. Re4 $1 $11 Nd4+ $1 39. Bxd4 R5xd4 40. Rxd4 Rxd4 {[%mdl 4096] Endgame KR-KR} 41. Re1 {And now Re4 would win.} b3 $2 {[%mdl 8192]} (41... Rd2 $11 {and Black is okay.} 42. Re2 Rxe2 43. Kxe2 Kd7) 42. cxb3 $1 $18 cxb3 43. Re3 $1 {[%cal Re3b3]} Kd7 (43... Rb4 $142 44. Re4 Rb7) 44. Rxb3 Kc7 45. Rc3+ Kb7 {[#]} 46. b3 $2 (46. a5 $1 $18 Rd5 47. Rb3+ Ka7 48. Rb6 Rd3+ 49. Kf2) 46... Rd1 $2 {[%mdl 8192]} (46... a5 $1 $11) 47. Ke4 Rh1 48. Rg3 Re1+ 49. Kd4 Rf1 50. Ke4 Re1+ $1 {[#]} 51. Re3 $1 {[%cal Re3e1]} Rh1 52. Rg3 $2 {Accuracy: White = 42%, Black = 47%.} ({White has to play} 52. Rd3 $18 Rxh4 53. Rd7+ {[%mdl 64] Double Attack} Kc6 54. Rd6+ (54. Rxf7 g5 $11) 54... Kc7 55. Rxa6) 1/2-1/2

[Event "17th Aeroflot Open-A 2019"]
[Site "Moscow"]
[Date "2019.02.24"]
[Round "6.34"]
[White "Goganov, Aleksey"]
[Black "Gagare, Shardul"]
[Result "1/2-1/2"]
[WhiteElo "2612"]
[BlackElo "2495"]
[Annotator "TA"]
[PlyCount "166"]
[EventDate "2019.02.19"]
[EventCountry "RUS"]
[SourceTitle "playchess.com"]
[Source "ChessBase"]
[SourceQuality "1"]

{[%evp 29,166,0,0,6,29,24,62,67,43,54,108,106,43,10,4,0,0,0,0,0,13,13,17,18,20,0,0,0,10,11,7,19,44,29,61,71,81,58,53,41,112,93,65,49,198,181,162,114,438,426,476,482,485,485,810,799,778,690,904,899,907,904,1088,1043,1804,1780,1487,802,1221,1080,774,960,1269,1260,1240,1061,1675,1645,5115,5115,5104,1772,5112,1009,1669,1654,1647,1616,1535,1417,5083,5083,5083,5083,5083,5083,5083,5083,5083,5083,5072,5083,5057,5057,2040,1631,850,589,457,0,18,18,18,18,18,18,18,18,18,18,18,18,18,18,18,18,18,0,18,18,18,14,14,14,14,14,14,0,0]} 1. e4 e5 2. Nf3 Nc6 3. Bc4 Bc5 4. O-O Nf6 5. d3 O-O 6. h3 h6 7. Re1 d6 8. c3 a6 9. Bb3 Ba7 10. Nbd2 Be6 11. Bc2 Re8 12. Nf1 {C54: Giuoco Piano: 4 c3 Nf6, main lines with 5 d4 and 5 d3} d5 13. exd5 Qxd5 14. Ng3 Rad8 15. Qe2 Qd7 {LiveBook: 9 Games} 16. Be3 Bxe3 17. fxe3 Nd5 18. d4 exd4 19. exd4 {[#]} Nf4 $146 ({Black should play} 19... Nf6 $14) ({Predecessor:} 19... Bf5) 20. Qd2 $16 Ng6 ({Better is} 20... g5 $16) 21. Bxg6 fxg6 22. Qc2 g5 23. Ne4 Bf5 24. Qb3+ Qf7 25. Nc5 Qxb3 26. axb3 Bc8 27. d5 Ne7 28. c4 Ng6 29. Nd4 Nf4 30. b4 $36 {[%mdl 2048] White has good play.} b6 31. Nc6 bxc5 32. Nxd8 Rxd8 33. bxc5 Kf7 34. c6 {[%mdl 1024] White has compensation.} Bf5 (34... h5 $14) 35. Re3 ({Of course not} 35. Rxa6 $6 Rb8 $11) 35... Rb8 36. b3 Rb6 (36... Ra8 $1 $14) 37. Rf1 $18 Kg6 {[#]} 38. h4 $1 {[%mdl 512]} Bc2 $2 {[%mdl 8192]} (38... a5 $16) (38... gxh4 39. Rxf4) 39. g3 Nd3 40. Re6+ ({Weaker is} 40. d6 cxd6 41. Re6+ Kh5 $18) 40... Kh5 41. d6 Rxc6 (41... cxd6 $142 42. Rxd6 Rb8) 42. d7 Rxe6 43. d8=Q Re3 44. hxg5 hxg5 45. Qxc7 Kg4 46. Qd7+ Kxg3 47. Qd5 g4 48. Qg2+ Kh4 49. Qxc2 Rg3+ 50. Qg2 a5 51. Rf8 {[#] Intending Rh8+ and mate.} Rxg2+ 52. Kxg2 {[%mdl 4096] Endgame KR-KN} g3 53. Rd8 Ne1+ 54. Kf1 g2+ 55. Kf2 Kh3 56. Rh8+ (56. c5 $142 g1=Q+ 57. Kxg1 Nf3+ 58. Kf2) 56... Kg4 57. Re8 Nd3+ 58. Kxg2 Kf4 59. Ra8 Nc5 60. Rxa5 Nxb3 61. Rd5 Ke4 62. Rd1 Nc5 63. Kg3 Na4 64. Rd8 Nc5 65. Kg4 Ne6 66. Rd1 Ke5 67. Rd7 Ke4 68. Rd5 Nd4 69. Rd7 $2 (69. Rd6 $18) 69... Nc6 {The position is equal.} 70. Kg5 Ne5 $1 71. Rc7 Kd4 72. c5 Kd5 73. Kf5 (73. Kh4 {with more complications.} Nf3+ 74. Kg4 Nd4 75. Rd7+ Kxc5 76. Kf4) 73... Nc6 74. Rxg7 Kxc5 75. Ke4 Kc4 76. Rg5 Nd4 77. Rg8 Nc6 78. Rg5 Nd4 79. Rg1 {White wants to mate with Rc1+.} Nb3 80. Ke3 Nc5 81. Rg5 Ne6 82. Rg6 Kd5 83. Rxe6 Kxe6 {Precision: White = 83%, Black = 41%.} 1/2-1/2

[Event "17th Aeroflot Open-A 2019"]
[Site "Moscow"]
[Date "2019.02.24"]
[Round "6.35"]
[White "Iniyan, P."]
[Black "Aravindh, Chithambaram VR."]
[Result "1/2-1/2"]
[WhiteElo "2480"]
[BlackElo "2601"]
[Annotator "TA"]
[PlyCount "103"]
[EventDate "2019.02.19"]
[EventCountry "RUS"]
[SourceTitle "playchess.com"]
[Source "ChessBase"]
[SourceQuality "1"]

{[%evp 18,103,70,67,70,71,78,60,65,67,84,68,76,60,67,55,79,62,79,84,163,104,191,196,208,206,191,182,243,204,196,182,231,219,239,241,235,149,264,229,241,127,128,123,137,141,89,127,388,213,346,115,277,274,258,186,185,178,176,176,169,172,208,170,129,135,152,144,119,123,135,110,141,139,109,119,104,0,177,129,145,0,174,0,155,0,142,0]} 1. d4 g6 2. c4 Bg7 3. e4 d6 4. Nc3 e5 5. Nge2 Nc6 6. Be3 Nh6 7. d5 Ne7 8. f3 f5 9. Qd2 Nf7 10. O-O-O a6 {A42: Modern Defence: Averbakh Variation} 11. Kb1 O-O 12. Nc1 Bd7 {White is slightly better.} 13. Be2 Qe8 (13... Kh8 14. g4 Qc8 15. h3 Ng8 16. Nd3 Nf6 17. c5 Bb5 18. Rhg1 fxe4 19. fxe4 {1-0 (37) Bruzon Batista,L (2691)-Shoker,S (2466) Tsaghkadzor 2015}) 14. g4 $146 ({Predecessor:} 14. Nd3 c6 15. dxc6 bxc6 16. Nc5 Bc8 17. N5a4 Be6 18. Nb6 Rd8 19. Qc2 {½-½ (43) Jakobsen,O (2390)-Hansen,L (2250) Copenhagen 1996}) 14... b5 {...f4 is the strong threat.} 15. cxb5 axb5 16. Nd3 fxg4 17. fxg4 g5 18. Nb4 h6 (18... Ng6 $16) 19. Rc1 (19. h4 $18) 19... Nh8 (19... Ng6 $16) 20. h4 $18 gxh4 21. g5 (21. Rxh4 Nhg6 $14) 21... Nhg6 22. Bh5 {[%mdl 1024] White has strong compensation.} Qd8 (22... Qc8 {was necessary.} 23. gxh6 Bf6) 23. Ne2 Kh7 24. Rcg1 Be8 25. a3 Rc8 26. gxh6 Bf6 27. Bg5 c5 (27... Bd7 $16 {keeps fighting.} 28. Be3 (28. Bxf6 Rxf6 29. Qg5 Qf8 $16) 28... Qe8) 28. dxc6 $1 {Black must now prevent Nc3.} Bxc6 29. Nd5 (29. Nxc6 $18 Rxc6 30. Be3) 29... Bxd5 $16 30. exd5 {Strongly threatening Qd3.} Rc4 31. b3 Rc7 32. Qd3 $1 {[%csl LRb5,LRh4] And now Bd2 would win.} Qe8 $2 {[%mdl 8192]} (32... Bxg5 $16 33. Rxg5 Rf6) 33. Rxh4 (33. Bxh4 $142 Bxh4 34. Rxh4) 33... Bxg5 $18 34. Rxg5 $2 (34. Rhg4 $1 $18 {and the rest is easy.}) 34... Rf6 $2 (34... Rf1+ $16 {might work better.} 35. Ka2 Qf7) 35. Rhg4 Qf7 36. Ng3 Rc5 37. Rxg6 Nxg6 38. Bxg6+ Rxg6 {[#]} 39. Ne4 $1 {[%cal Re4g5] Hoping for Ng5+.} Kxh6 (39... Qxd5 40. Nf6+ Kh8 41. Qxd5 Rxd5 42. Rxg6 Rd1+ 43. Kc2 Rc1+ 44. Kxc1 e4 45. Rg8#) 40. Nxd6 {[%mdl 64] Double Attack} Rc1+ 41. Kxc1 Qc7+ {[#]} 42. Rc4 $1 bxc4 $16 {[%mdl 4096] Endgame KQR-KQN} 43. Qh3+ Kg5 44. Qg3+ Kh5 45. Qh2+ Kg4 46. Qg2+ Kh5 47. Qh2+ (47. Qe2+ $16 Kh4 48. Nxc4) 47... Kg4 $18 48. Qe2+ Kh4 49. Qh2+ (49. Qxc4+ $6 Qxc4+ 50. Nxc4 e4 $11) 49... Kg4 50. Qe2+ Kh4 51. Qh2+ ({But not} 51. Qxc4+ $6 Qxc4+ 52. Nxc4 e4 $11) 51... Kg4 52. Qe2+ {Accuracy: White = 63%, Black = 39%.} ({Better is} 52. Nxc4 $16 Qg7 53. Kd2 (53. Nxe5+ Kf5 $11) (53. Qxe5 Rg5 $16)) 1/2-1/2